00654nam a2200241 a 4500001001300000003000900013005001700022008004100039020001000080082001300090100002300103245003700126260002900163300000900192500003500201505001200236650001700248700002300265902000800288942000700296952009400303999001500397nice12345678IN_TiNIC20260116012244.0050524s1956 lona grp 000 0 eng  ac10000a232bFUL aFuller, Reginald H aMission and Achievement of Jesus aLondonbScm Press c1956 a128p aincludes index and biblioraphy2 aIndices aJesus Christ1 aFuller, Reginald H bSRS cBK 00104070aHMIbHMId2007-06-15g100.00l0o232 FULp014783r2007-06-15w2026-01-16yEB c6261d6261